Vector mechanics for engineers (Record no. 4856)

000 -LEADER
fixed length control field 00594nam a2200217 a 4500
001 - CONTROL NUMBER
control field 4856
003 - CONTROL NUMBER IDENTIFIER
control field BD-DhUET
008 - FIXED-LENGTH DATA ELEMENTS--GENERAL INFORMATION
fixed length control field 840307s1984 nyua 001 0 eng
020 ## - INTERNATIONAL STANDARD BOOK NUMBER
International Standard Book Number 0070044384
040 ## - CATALOGING SOURCE
Original cataloging agency DLC
Transcribing agency DLC
Modifying agency BD-DhUET
082 00 - DEWEY DECIMAL CLASSIFICATION NUMBER
Classification number 620.1
Item number BEE/1984
100 ## - MAIN ENTRY--PERSONAL NAME
Personal name Beer, Ferdinand P.
245 10 - TITLE STATEMENT
Title Vector mechanics for engineers
Remainder of title statics and dynamics
250 ## - EDITION STATEMENT
Edition statement 4th ed.
260 ## - PUBLICATION, DISTRIBUTION, ETC. (IMPRINT)
Place of publication, distribution, etc. New York
Name of publisher, distributor, etc. McGraw-Hill
Date of publication, distribution, etc. 1984
300 ## - PHYSICAL DESCRIPTION
Extent xxi, 926 p.
Other physical details ill.
Dimensions 24 cm.
504 ## - BIBLIOGRAPHY, ETC. NOTE
Bibliography, etc Includes bibliographies
650 #0 - SUBJECT ADDED ENTRY--TOPICAL TERM
Topical term or geographic name as entry element Engineering instruments
700 1# - ADDED ENTRY--PERSONAL NAME
Personal name Johnston, E. Russell
942 ## - ADDED ENTRY ELEMENTS (KOHA)
Koha item type General Book
Holdings
Location (home branch) Lost status Koha date last seen Damaged status Sublocation or collection (holding branch) Koha normalized classification for sorting Date acquired Koha item type Koha issues (times borrowed) Not for loan Copy number Piece designation (barcode) Koha full call number Koha date last borrowed Shelving location Source of classification or shelving scheme Withdrawn status Price effective from
Central Library, BUET 2015-12-08 Central Library, BUET620_100000000000000_BEE_19842014-11-23General Book  166051620.1/BEE/1984 Circulation section  2014-11-23
Central Library, BUET 2022-06-20 Central Library, BUET620_000000000000000_1BEE19842014-11-24General Book2 166042620.1/BEE/19842022-06-12Circulation section  2014-11-24
Central Library, BUET 2023-06-07 Central Library, BUET620_100000000000000_BEE_19842014-11-29General Book4 166086620.1/BEE/19842023-01-10Circulation section  2014-11-29
Central Library, BUET 2025-05-28 Central Library, BUET620_100000000000000_BEE_19842014-12-11General Book1 4966044620.1 /BEE/19842025-04-30Circulation section  2014-12-11
Central Library, BUET 2015-02-23 Central Library, BUET620_100000000000000_BEE_19842014-12-11General Book  166012620.1/BEE/1984 Circulation section  2014-12-11
Central Library, BUET 2015-12-22 Central Library, BUET620_100000000000000_BEE_19842015-01-19General Book  666043620.1/BEE/1984 Circulation section  2015-01-19
Central Library, BUET 2022-12-13 Central Library, BUET620_100000000000000_BEE_19842015-02-16General Book1 781336620.1/BEE/19842022-11-21Circulation section  2015-02-16
Central Library, BUET 2018-04-30 Central Library, BUET620_100000000000000_BEE_19842015-04-01General Book1 166048620.1/BEE/19842018-04-18Circulation section  2015-04-01
Central Library, BUET 2015-06-21 Central Library, BUET620_100000000000000_BEE_19842015-06-21Reading Item  966015620.1/BEE/1984 Reading section  2015-06-21
Central Library, BUET 2015-06-22 Central Library, BUET620_100000000000000_BEE_19842015-06-22General Book  1066014620.1/BEE/1984 Reading section  2015-06-22
Central Library, BUET 2015-06-22 Central Library, BUET620_100000000000000_BEE_19842015-06-22General Book  1166013620.1/BEE/1984 Reading section  2015-06-22
Central Library, BUET 2015-06-29 Central Library, BUET620_010000000000000_BEE_19842015-06-29Reading Item  1266095620.01/BEE/1984 Reading section  2015-06-29
Central Library, BUET 2015-07-28 Central Library, BUET620_100000000000000_BEE_19842015-07-28General Book  1375502620.1/BEE/1984 Circulation section  2015-07-28